| 000 -LEADER |
| fixed length control field |
00607nam a22000977a 4500 |
| 008 - FIXED-LENGTH DATA ELEMENTS--GENERAL INFORMATION |
| fixed length control field |
181203b ||||| |||| 00| 0 eng d |
| 100 ## - MAIN ENTRY--AUTHOR'S NAME |
| Author's Name |
Morgan, Robert |
| 245 ## - TITLE STATEMENT |
| Title |
Hungary : "single" stamps and "fewest stamps used" frankings during the 1945-46 Hyper-inflation |
| 260 ## - PUBLICATION, DISTRIBUTION, ETC. (IMPRINT) |
| Name of publisher, distributor, etc. |
R.B. Morgan |
| Date of publication, distribution, etc. |
1992 |
| 650 ## - TOPICAL TERM (Tag) |
| Topical term or geographic name |
Hungary (1871-) | Inflation Issues | 1945-1946 | Post World War II | Stamps -- Histories | Overprints and Surcharges | Provisionals and Forerunners | Definitive Issues | Semi-postal Issues | Postage Dues | Parcel Post | Postal History | Postal Rates | Covers | 20th Century | Inflation Period | Concordances |